000 01152nam a22002657a 4500
999 _c64612
_d64612
005 20240530110740.0
008 180924s2012 ua afh f b 000 0 ara d
017 _a11907/2010
_bمصر. دار الكتب
020 _a9789774520846
040 _aEG-CaGPL
_cEG-CaGPL
082 0 4 _221
_a745.619962.31 /
_bق/خ د
100 0 _aخالد عزب
245 1 0 _aديوان الخط العربى فى مصر :
_bدراسة وثائقية للكتابات واهم الخطاطين فى عصر اسرة محمد على /
_cخالد عزب، محمد حسن
260 _aالاسكندرية :
_bمكتبة الاسكندرية،
_c2012.
300 _a214 ص. :
_bايض ؛
_c32 سم.
490 0 _aسلسلة دراسات الخط العربى المعاصر ؛
_v1.
504 _aيشتمل على ارجاعات ببليوجرافية
650 0 7 _2qrmak
_aالخط العربى
650 0 7 _2qrmak
_aالنقوش العربية
650 0 7 _2qrmak
_aالخط العربى
_zمصر
_yعصر محمد على
651 _2qrmak
700 0 _aمحمد حسن
_eمؤلف مشارك
942 _2ddc
_cBK